Economic growth : (Record no. 9419)
[ view plain ]
| 000 -LEADER | |
|---|---|
| fixed length control field | 00664cam a22002172 4500 |
| 001 - CONTROL NUMBER | |
| control field | 0000020617 |
| 005 - DATE AND TIME OF LATEST TRANSACTION | |
| control field | 20151217152218.0 |
| 008 - FIXED-LENGTH DATA ELEMENTS--GENERAL INFORMATION | |
| fixed length control field | 110928s xx 000 0 eng d |
| 020 ## - INTERNATIONAL STANDARD BOOK NUMBER | |
| International Standard Book Number | 0521898010 : |
| 040 ## - CATALOGING SOURCE | |
| Original cataloging agency | KABU |
| Transcribing agency | KABU |
| 100 1# - MAIN ENTRY--PERSONAL NAME | |
| Personal name | La Grandville, Olivier De. |
| -- | 0000181041 |
| 245 10 - TITLE STATEMENT | |
| Title | Economic growth : |
| Remainder of title | a unified approach / |
| Statement of responsibility, etc. | Olivier De La Grandville. |
| 250 ## - EDITION STATEMENT | |
| Edition statement | 1st ed. |
| 260 ## - PUBLICATION, DISTRIBUTION, ETC. (IMPRINT) | |
| Place of publication, distribution, etc. | New York : |
| Name of publisher, distributor, etc. | CUP, |
| Date of publication, distribution, etc. | 2009. |
| 300 ## - PHYSICAL DESCRIPTION | |
| Extent | xiii, 361 p. |
| 650 #0 - SUBJECT ADDED ENTRY--TOPICAL TERM | |
| Topical term or geographic name as entry element | Economic development. |
| -- | 0000150073 |
| 650 #0 - SUBJECT ADDED ENTRY--TOPICAL TERM | |
| Topical term or geographic name as entry element | Economics |
| General subdivision | Mathematical models. |
| -- | 0000178819 |
| 852 1# - LOCATION | |
| -- | p5270 KES |
| 908 ## - PUT COMMAND PARAMETER (RLIN) | |
| Put command parameter | 110928 |
| 950 ## - LOCAL HOLDINGS (RLIN) | |
| -- | 1 |
| Withdrawn status | Lost status | Source of classification or shelving scheme | Not for loan | Home library | Current library | Date acquired | Total Checkouts | Full call number | Barcode | Date last seen | Date last checked out | Price effective from | Koha item type |
|---|---|---|---|---|---|---|---|---|---|---|---|---|---|
| Library of Congress Classification | Kabarak, Main Campus | Kabarak, Main Campus | 17/12/2015 | 1 | HD75 .L34 2009 c.1 | 19351 | 02/08/2024 | 15/07/2016 | 17/12/2015 | General Collection |